Obfuscations of Christmas Song Titles - Statistics

General Stats
  • This quiz has been taken 110 times
  • The average score is 8 of 10
Answer Stats
Hint Answer % Correct
Permit the precipitation of ice crystals Let it Snow
93%
Saint Nicholas is approaching (our) medium-sized human settlement Santa Claus is Comin' to Town
93%
The entire quantity of what I desire for this Noel is yourself All I Want for Christmas is You
89%
Moving back and forth on every side of the festive woody perennial Rockin' Around the Christmas Tree
83%
Gozoso Natividad Feliz Navidad
82%
It is the most sublime point of the period of three-hundred and sixty five and twenty-four hundredths days It's the Most Wonderful Time of the Year
80%
Have ye a blithe diminutive Noel Have Yourself a Merry Little Christmas
79%
Adorn the large enclosed spaces Deck the Halls
76%
(My) parent's mother was flattened by a deer with circumpolar distribution Grandma Got Run Over by a Reindeer
66%
The dozen periods of time equal to twenty-four hours of Yule The Twelve Days of Christmas
62%
No matching quizzes found
Score Distribution
Percent of People with Each Score
Percentile by Number Answered
Your Score History
You have not taken this quiz